[Event "Europe Echecs online op April"]
[Site "Europe Echecs INT"]
[Date "2020.04.11"]
[Round "1"]
[White "Nicolas, Stephane"]
[Black "Bailet, Pierre"]
[Result "0-1"]
[WhiteElo "1903"]
[BlackElo "2520"]
[PlyCount "76"]
[EventDate "2020.04.11"]
[EventType "swiss (blitz)"]
[EventRounds "11"]
[EventCountry "FRA"]
[SourceTitle "EXT 2021"]
[Source "ChessBase"]
[SourceDate "2020.10.23"]
[SourceVersion "1"]
[SourceVersionDate "2020.10.23"]
[SourceQuality "1"]

1. e4 c5 2. d4 cxd4 3. c3 d5 4. exd5 Nf6 5. Nf3 Nxd5 6. cxd4 Nc6 7. Bb5 e6 8. Bxc6+ bxc6 9. 0-0 Be7 10. Nc3 0-0 11. Re1 Nxc3 12. bxc3 c5 13. d5 exd5 14. Bf4 Bf6 15. Rc1 Bg4 16. h3 Bh5 17. Qd3 Bg6 18. Qd2 Be4 19. Qe3 Rc8 20. Nd2 Bf5 21. Nb3 d4 22. cxd4 cxd4 23. Qd2 Rc3 24. Red1 Rxc1 25. Rxc1 h6 26. Qb4 Re8 27. Qa4 d3 28. Rd1 Re4 29. Qxa7 Rxf4 30. g3 Rf3 31. Kg2 Be4 32. Kf1 Qc8 33. Rc1 Qxh3+ 34. Ke1 Bg5 35. Rc8+ Kh7 36. Nd2 Qh1+ 37. Nf1 d2+ 38. Kd1 Qxf1# 0-1

[Event "Morbihan-ch 1213"]
[Site "France"]
[Date "2013.01.19"]
[Round "4"]
[White "Bezy, Bernard"]
[Black "Nicolas, Stephane"]
[Result "0-1"]
[WhiteElo "1599"]
[BlackElo "1800"]
[PlyCount "36"]
[EventDate "2012.10.27"]
[EventType "swiss"]
[EventRounds "7"]
[EventCountry "FRA"]
[SourceTitle "EXT 2014"]
[Source "ChessBase"]
[SourceDate "2013.11.20"]
[SourceVersion "1"]
[SourceVersionDate "2013.11.20"]
[SourceQuality "1"]

1. c4 g6 2. e4 Bg7 3. Nf3 d6 4. Nc3 Nf6 5. d4 0-0 6. Be2 c5 7. d5 a6 8. Rb1 b5 9. cxb5 axb5 10. b4 cxb4 11. Rxb4 Na6 12. Rxb5 Bd7 13. Rb1 Nc5 14. Nd2 Qa5 15. Qc2 Rfc8 16. Bb2 Nfxe4 17. Ncxe4 Nxe4 18. Qxe4 Bf5 0-1

[Event "Morbihan-ch 1213"]
[Site "France"]
[Date "2012.11.10"]
[Round "2"]
[White "Barton, Robin"]
[Black "Nicolas, Stephane"]
[Result "1-0"]
[WhiteElo "1522"]
[BlackElo "1800"]
[PlyCount "115"]
[EventDate "2012.10.27"]
[EventType "swiss"]
[EventRounds "7"]
[EventCountry "FRA"]
[SourceTitle "EXT 2014"]
[Source "ChessBase"]
[SourceDate "2013.11.20"]
[SourceVersion "1"]
[SourceVersionDate "2013.11.20"]
[SourceQuality "1"]

1. e4 c6 2. d4 Qc7 3. Nf3 g6 4. Bc4 Bg7 5. 0-0 d6 6. h3 b5 7. Bd3 e5 8. dxe5 dxe5 9. a4 b4 10. c3 a5 11. b3 c5 12. Bb2 Ba6 13. Bxa6 Nxa6 14. Qe2 Ne7 15. Nbd2 0-0 16. Nc4 Nc6 17. Rfd1 bxc3 18. Bxc3 Nd4 19. Nxd4 cxd4 20. Bxa5 Qb7 21. Rab1 Nc5 22. Qe1 Nxe4 23. f3 Ng5 24. Bd2 Nxf3+ 25. gxf3 Qxf3 26. Qf1 Qg3+ 27. Qg2 Qh4 28. Bg5 Qh5 29. Qg4 Qxg4+ 30. hxg4 Rfe8 31. Nd6 Re6 32. Ne4 f6 33. Bd2 f5 34. Ng5 Rb6 35. gxf5 gxf5 36. Rf1 Rg6 37. Kh2 Rh6+ 38. Nh3 Rh5 39. Rg1 Kf7 40. Rg5 Rxg5 41. Nxg5+ Ke7 42. Rc1 Kd7 43. Rf1 h6 44. Rxf5 hxg5 45. Rf7+ Ke6 46. Rxg7 Rc8 47. Rxg5 Rc2 48. Rg2 e4 49. Be1 Rc1 50. Re2 Kd5 51. Bf2 d3 52. Rd2 Rc2 53. Rxc2 dxc2 54. Be3 Kc6 55. Kg3 Kd5 56. a5 Kc6 57. b4 Kb5 58. Kf4 1-0

[Event "Morbihan-ch 1112"]
[Site "Morbihan"]
[Date "2012.01.21"]
[Round "4.8"]
[White "Nicolas, Stephane"]
[Black "Potier, Pierre"]
[Result "0-1"]
[WhiteElo "1850"]
[BlackElo "1630"]
[PlyCount "96"]
[EventDate "2011.10.08"]
[EventType "swiss"]
[EventRounds "7"]
[EventCountry "FRA"]
[SourceTitle "EXT 2014"]
[Source "ChessBase"]
[SourceDate "2013.11.20"]
[SourceVersion "1"]
[SourceVersionDate "2013.11.20"]
[SourceQuality "1"]

1. d4 d5 2. e4 dxe4 3. Nc3 Nf6 4. f3 exf3 5. Nxf3 Bg4 6. h3 Bxf3 7. Qxf3 c6 8. Bd2 Nbd7 9. 0-0-0 e6 10. g4 Nd5 11. Bg2 N7b6 12. Rhf1 Qd7 13. h4 a5 14. Nxd5 cxd5 15. Rf2 Bb4 16. c3 Rc8 17. Rdf1 Rf8 18. g5 Rc7 19. Qh5 Qa4 20. Kb1 Nc4 21. cxb4 Nxb2 22. Bc1 Nd3 23. Qe2 Qxb4+ 24. Bb2 Nxf2 25. Rxf2 a4 26. a3 Qb3 27. Rf3 Qb6 28. Re3 Qc6 29. Rc3 Qd6 30. Rxc7 Qxc7 31. Bxd5 Ke7 32. Bg2 Rc8 33. d5 Kf8 34. dxe6 Qe7 35. Qe4 g6 36. Qe5 Qxe6 37. Qg7+ Ke7 38. Qd4 b5 39. Qd3 Kf8 40. Qxb5 Qf5+ 41. Qxf5 gxf5 42. h5 Ke7 43. Bf6+ Ke6 44. Bb7 Rb8 45. Kc2 Rxb7 46. h6 Rb3 47. Bb2 f4 48. Bc1 Ke5 0-1

[Event "Morbihan-ch 1112"]
[Site "Morbihan"]
[Date "2011.12.03"]
[Round "3.1"]
[White "Duplessy, Franck"]
[Black "Nicolas, Stephane"]
[Result "1-0"]
[WhiteElo "2078"]
[BlackElo "1850"]
[PlyCount "57"]
[EventDate "2011.10.08"]
[EventType "swiss"]
[EventRounds "7"]
[EventCountry "FRA"]
[SourceTitle "EXT 2014"]
[Source "ChessBase"]
[SourceDate "2013.11.20"]
[SourceVersion "1"]
[SourceVersionDate "2013.11.20"]
[SourceQuality "1"]

1. e4 d5 2. exd5 Nf6 3. Nc3 Nxd5 4. Bc4 Nxc3 5. Qf3 e6 6. Qxc3 Nc6 7. Nf3 Qf6 8. Qe3 Bd6 9. d4 0-0 10. 0-0 e5 11. dxe5 Nxe5 12. Nxe5 Bxe5 13. Qb3 b6 14. Re1 Bb7 15. Rb1 Bxh2+ 16. Kxh2 Qxf2 17. Qg3 Qxc2 18. Bd3 Qc5 19. Re5 Qd6 20. Bf4 Qf6 21. Bg5 Qd6 22. Bf4 Qf6 23. Rf1 Rfe8 24. Rh5 Be4 25. Bc4 Bg6 26. Be5 Qc6 27. Bxf7+ Kh8 28. Bxg6 Rxe5 29. Rxh7+ 1-0

[Event "Morbihan-ch 0102"]
[Site "Morbihan"]
[Date "2002.03.02"]
[Round "5"]
[White "Le Floch, Sebastien"]
[Black "Nicolas, Stephane"]
[Result "1-0"]
[WhiteElo "1630"]
[BlackElo "1790"]
[PlyCount "40"]
[EventDate "2001.10.20"]
[EventType "swiss"]
[EventRounds "7"]
[EventCountry "FRA"]
[SourceTitle "EXT 2005"]
[Source "ChessBase"]
[SourceDate "2004.11.15"]
[SourceVersion "1"]
[SourceVersionDate "2004.11.15"]
[SourceQuality "1"]

1. e4 d5 2. exd5 Nf6 3. d4 Nxd5 4. c4 Nb6 5. Nc3 Nc6 6. Nf3 g6 7. Be3 Bg4 8. Be2 e6 9. d5 exd5 10. Bxb6 axb6 11. Nxd5 Bg7 12. Qd2 0-0 13. 0-0 Re8 14. Rad1 Rxa2 15. Qf4 Bxf3 16. Bxf3 Be5 17. Qc1 Nd4 18. Rfe1 Nxf3+ 19. gxf3 Bd6 20. Rxe8+ Qxe8 1-0

[Event "Morbihan-ch 0102"]
[Site "Morbihan"]
[Date "2002.01.26"]
[Round "4"]
[White "Nicolas, Stephane"]
[Black "Desurmont, Sylvain"]
[Result "0-1"]
[WhiteElo "1790"]
[BlackElo "1950"]
[PlyCount "80"]
[EventDate "2001.10.20"]
[EventType "swiss"]
[EventRounds "7"]
[EventCountry "FRA"]
[SourceTitle "EXT 2005"]
[Source "ChessBase"]
[SourceDate "2004.11.15"]
[SourceVersion "1"]
[SourceVersionDate "2004.11.15"]
[SourceQuality "1"]

1. e4 d6 2. d4 Nf6 3. Nc3 c6 4. Nf3 Bg4 5. Bg5 Qa5 6. Qd2 Nbd7 7. Be2 g6 8. 0-0 Bg7 9. Rfe1 0-0 10. Rad1 Qc7 11. Bh6 Rad8 12. Bxg7 Kxg7 13. h3 Bxf3 14. Bxf3 e5 15. dxe5 dxe5 16. Qe3 a6 17. Rd3 Nb6 18. b3 Rd7 19. Rxd7 Nbxd7 20. Na4 Re8 21. Rd1 Nf8 22. Nc5 Ne6 23. Nxe6+ Rxe6 24. Qc5 b6 25. Qc4 a5 26. a4 Rd6 27. Rd3 c5 28. Qb5 Rd4 29. c3 Rd6 30. Qc4 Qd8 31. Rxd6 Qxd6 32. Qe2 h5 33. g4 hxg4 34. hxg4 Nh7 35. g5 Nxg5 36. Bg4 Nh7 37. Qe3 Nf6 38. Be2 Qe6 39. Bc4 Qg4+ 40. Kf1 Qxe4 0-1

[Event "Morbihan-ch 0102"]
[Site "Morbihan"]
[Date "2002.01.12"]
[Round "3"]
[White "Jolivel, Dominique"]
[Black "Nicolas, Stephane"]
[Result "1/2-1/2"]
[WhiteElo "1960"]
[BlackElo "1790"]
[PlyCount "63"]
[EventDate "2001.10.20"]
[EventType "swiss"]
[EventRounds "7"]
[EventCountry "FRA"]
[SourceTitle "EXT 2005"]
[Source "ChessBase"]
[SourceDate "2004.11.15"]
[SourceVersion "1"]
[SourceVersionDate "2004.11.15"]
[SourceQuality "1"]

1. Nf3 d5 2. c4 e6 3. d4 Nf6 4. Bf4 c5 5. e3 Nc6 6. Nc3 cxd4 7. exd4 Be7 8. Be2 dxc4 9. Bxc4 0-0 10. 0-0 Bd7 11. d5 exd5 12. Nxd5 Nxd5 13. Bxd5 Bf6 14. Qd2 Qb6 15. Bg5 Bxg5 16. Qxg5 Rad8 17. b3 Nb4 18. Bc4 Be6 19. Bxe6 Qxe6 20. Rae1 Qb6 21. Re2 h6 22. Qg4 Rfe8 23. Rxe8+ Rxe8 24. h3 Nxa2 25. Qa4 Re2 26. Qd7 Nb4 27. Qc8+ Kh7 28. Qf5+ Qg6 29. Qb5 Qe4 30. Rd1 a6 31. Qd7 Qc2 32. Rf1 1/2-1/2